[Event "World Junior U20 Open 2018"]
[Site "Gebze"]
[Date "2018.09.12"]
[Round "8.10"]
[White "Vavulin, Maksim"]
[Black "Batsuren, Dambasuren"]
[Result "1-0"]
[WhiteElo "2559"]
[BlackElo "2446"]
[Annotator "TA"]
[PlyCount "121"]
[EventDate "2018.09.05"]
[EventType "swiss"]
[EventCountry "TUR"]
[SourceTitle "playchess.com"]
[Source "ChessBase"]
[SourceQuality "1"]

{[%evp 28,121,48,55,70,68,129,131,163,160,204,190,234,185,210,237,210,232,329,102,109,-10,120,107,68,64,87,87,229,272,272,266,233,218,268,270,265,262,253,257,435,422,430,422,422,422,454,440,575,566,459,516,464,335,550,548,729,722,723,711,722,713,891,840,878,877,858,848,772,716,1008,954,896,831,863,818,1274,1018,869,862,1961,2131,2005,1999,12794,6207,12812,11483,6079,5527,2865,2399,29987,29988,29988,29989]} 1. e4 e5 2. Nf3 Nc6 3. Bb5 a6 4. Ba4 Nf6 5. O-O b5 6. Bb3 Bb7 7. Re1 Bc5 8. c3 Bb6 9. d4 d6 10. a4 O-O 11. Bg5 h6 12. Bh4 g5 {C78: Spanische Partie (Archangelsk- und Möller-Variante)} (12... Re8 13. d5 Na5 14. Ba2 g5 15. Bg3 c6 16. axb5 axb5 17. Na3 Nc4 18. Nxc4 bxc4 19. Nd2 cxd5 20. exd5 Bxd5 21. Bxc4 Rxa1 22. Qxa1 {½-½ (46) Areshchenko,A (2686)-Sunilduth Lyna,N (2551) Dubai 2017}) 13. Nxg5 hxg5 14. Bxg5 exd4 15. Bd5 {LiveBook: 5 Partien} dxc3 16. Nxc3 b4 {[#]} (16... Kg7 $14) 17. Ne2 $146 ({Vorgänger:} 17. Bxc6 Bxc6 18. Nd5 Bxd5 19. exd5 Kg7 20. a5 {½-½ (33) Perez Ponsa,F (2577)-Gulamali,K (2379) Gibraltar 2016}) 17... Bxf2+ 18. Kh1 $1 Bxe1 19. Qxe1 Qe7 20. Qh4 Nxd5 21. Bxe7 Ndxe7 22. Qf6 $1 Kh7 (22... Rae8 $142) 23. Nf4 $2 (23. Qh4+ Kg7 $11) (23. Rf1 $1 $18 {zielt auf Tf3 ab.} Rae8 24. Qh4+ Kg8 25. Ng3) 23... Rg8 24. Qh4+ {[%mdl 1024] Weiss hat starke Kompensation.} (24. Qxf7+ $6 Rg7 $11) 24... Kg7 {[#]} 25. Rf1 $1 Ng6 26. Qg5 {Schwarz muss nun h4 beachten.} Nce5 {[#]} 27. h4 $1 {[%cal Bh2h4,Bh4h5][%mdl 32] Und weiter mit h5 wäre nett.} Kf8 (27... Bxe4 28. h5 $11) (27... Rh8 $16 28. Nxg6 fxg6 29. Qe7+ Kh6 30. Qg5+ Kh7 31. Qe7+ Kg8 32. Qe6+ Kh7 33. Qe7+ Kg8 34. Qe6+ Kh7 35. Qe7+) 28. Ne6+ $1 $18 Ke8 29. Nxc7+ Kd7 30. Nxa8 Bxa8 31. Rd1 Bxe4 32. h5 Ke6 {Und ...Se7 würde nun gewinnen.} 33. Qe3 ({Und nicht} 33. hxg6 Rxg6 34. Qd2 (34. Qe3 Bxg2+ 35. Kh2 Kf5 $11) 34... Bxg2+ 35. Qxg2 Rxg2 $11) 33... Bxg2+ $2 (33... f5 {war nötig.}) 34. Kxg2 Nh4+ 35. Kf1 Nf5 36. Qb3+ Kf6 {Falls Schwarz jetzt zu ...a5 käme, bestünde noch etwas Hoffnung.} 37. Qxb4 Ne3+ 38. Ke2 Nxd1 39. Qxd6+ ({Weniger gut wäre} 39. Kxd1 Rg1+ 40. Kc2 Rc1+ 41. Kb3 Ke6 $18) 39... Kf5 40. Qxd1 {[%mdl 4096] Endspiel KD-KTS} Rg2+ $2 (40... Re8 {ist wohl besser.} 41. b4 Ng4+ 42. Kf3 Ne5+ 43. Kf2 Kg5) 41. Ke3 {Droht Df1+ und aus.} Ng4+ 42. Kd4 {Droht stark Df3+.} Kg5 43. b4 f5 44. Kc5 Rh2 45. Kb6 Rxh5 46. Kxa6 Rh6+ 47. Kb5 f4 48. Qd5+ Kh4 49. Qf3 Rh5+ 50. Kb6 Rf5 51. a5 {[%cal Ba4a5,Ba5a6][%mdl 32]} Ne5 52. Qf2+ Kg5 53. a6 Rf6+ 54. Kb5 Nc6 55. Ka4 f3 56. b5 {[%cal Bb4b5,Bb5b6,Bb6b7][%mdl 32]} Rf4+ 57. Ka3 Nd4 58. b6 Nb5+ 59. Kb3 Kg4 60. b7 Rf8 61. Qc5 {Precision: Weiß = 91%, Schwarz = 43%.} 1-0

[Event "World Junior U20 Open 2018"]
[Site "Gebze"]
[Date "2018.09.12"]
[Round "8.11"]
[White "Donchenko, Alexander"]
[Black "Janik, Igor"]
[Result "1/2-1/2"]
[WhiteElo "2614"]
[BlackElo "2447"]
[Annotator "TA"]
[PlyCount "113"]
[EventDate "2018.09.05"]
[EventType "swiss"]
[EventCountry "TUR"]
[SourceTitle "playchess.com"]
[Source "ChessBase"]
[SourceQuality "1"]

{[%evp 20,113,12,24,21,23,56,52,41,47,48,19,39,11,12,0,10,9,2,0,0,0,0,0,0,0,0,0,0,-1,0,-1,-2,0,0,0,0,0,0,0,0,0,0,0,0,0,0,0,0,0,0,0,0,0,0,0,0,0,0,0,0,-4,-4,-7,0,-8,0,0,0,-7,2,0,0,0,6,6,6,2,2,0,2,0,0,0,0,-8,-8,-8,0,0,0,0,0,0,0,0]} 1. Nf3 Nf6 2. g3 g6 3. b3 Bg7 4. Bb2 O-O 5. Bg2 c5 6. c4 Nc6 7. d4 {A30: Englische Eröffnung (Symmetrische Variante)} d5 8. Nbd2 dxc4 9. Nxc4 Be6 10. O-O Bxc4 (10... cxd4 11. Nxd4 Nxd4 12. Qxd4 Qxd4 13. Bxd4 Nd5 14. Rfd1 Rad8 15. Bxg7 Kxg7 16. Rd3 b5 17. Bxd5 Rxd5 18. Rxd5 Bxd5 {½-½ (28) Malakhov,V (2686)-Matlakov,M (2735) St Petersburg 2017}) 11. bxc4 {LiveBook: 7 Partien} cxd4 12. Nxd4 Na5 13. Rc1 Rc8 14. c5 Nd7 {[%cal Bf6d7,Bd7e5,Be5c6,Bc6d4][%mdl 32]} 15. Ba3 Ne5 16. Nb3 Nec6 $146 {Die Stellung ist ausgeglichen.} 17. Qc2 Nxb3 18. Qxb3 Nd4 19. Qc4 Qa5 20. Bb4 Qa4 {[#] Und ...b5 würde nun gewinnen.} 21. Bxb7 Rb8 22. c6 Nxc6 $1 23. Qxc6 Qxb4 24. Rb1 $132 {[%mdl 2048] Weiss is fighting back} Bb2 25. Ba6 Rb6 26. Qc2 Rfb8 27. Bc4 {[#] Lb3 ist eine echte Drohung.} Qc3 28. Qxc3 Bxc3 29. Rbd1 a5 30. Rd7 R6b7 31. Rd3 Bb2 32. a4 Rc7 33. Bb5 Rbc8 34. Kg2 Rc1 35. Rxc1 Bxc1 $11 {[%mdl 4096] Endspiel KTL-KTL} 36. f4 Rc7 37. Ba6 Bb2 38. Rd5 Bc3 39. g4 Bb4 40. Bd3 Kg7 41. h4 h6 42. Rb5 e6 43. h5 gxh5 44. Rxh5 Rc5 45. Rh1 Bd2 46. Kf3 Rc1 47. Rxc1 Bxc1 {KL-KL} 48. Ke4 Kf6 49. Kf3 e5 50. fxe5+ Kxe5 51. Bb5 f5 52. gxf5 Kxf5 53. Bd3+ Ke5 54. Kg4 Bd2 55. Kh5 Bc1 56. Kg4 Bd2 57. Kh5 {Precision: Weiß = 73%, Schwarz = 72%.} 1/2-1/2

[Event "World Junior U20 Open 2018"]
[Site "Gebze"]
[Date "2018.09.12"]
[Round "8.12"]
[White "Aravindh, Chithambaram VR"]
[Black "Escalante Ramirez, Brian Sebasti"]
[Result "1/2-1/2"]
[WhiteElo "2578"]
[BlackElo "2436"]
[Annotator "TA"]
[PlyCount "157"]
[EventDate "2018.09.05"]
[EventType "swiss"]
[EventCountry "TUR"]
[SourceTitle "playchess.com"]
[Source "ChessBase"]
[SourceQuality "1"]

{[%evp 14,157,29,18,37,31,33,31,32,29,36,37,13,10,23,0,0,0,0,-18,0,0,0,0,0,0,57,47,54,42,66,-56,-70,-99,-108,-99,-90,-83,-79,-103,-52,-62,-56,-106,-98,-87,-82,-132,-117,-138,-59,-77,38,34,33,26,27,24,35,32,48,37,228,229,222,218,192,33,33,0,0,0,0,0,0,0,0,0,10,3,7,7,29,0,0,0,0,0,16,0,0,0,0,0,0,0,0,0,0,0,0,0,0,0,0,0,0,0,0,0,0,0,0,0,0,0,0,0,0,0,0,0,0,0,0,0,0,0,0,0,0,0,0,0,0,0,0,0,0,0,0,0,0,0,0,-106]} 1. Nf3 Nf6 2. g3 g6 3. b3 Bg7 4. Bb2 O-O 5. Bg2 d6 6. d4 a5 7. a4 {A49: 1 d4 Nf6 2 Nf3 g6 3 g3: Anti-King's Indian systems} (7. O-O a4 8. b4 b5 9. Na3 c6 10. c4 bxc4 11. Nxc4 Nd5 12. a3 Nb6 13. Na5 Ba6 14. Rc1 Bb5 15. Re1 {1-0 (46) Pantsulaia,L (2612)-Vachier Lagrave,M (2789) Riadh 2017}) 7... c6 8. Nbd2 {LiveBook: 5 Games} Qc7 9. e4 {White is slightly better.} Bg4 $146 ({Predecessor:} 9... b5 10. O-O Bb7 11. Qe2 b4 12. Rfc1 Na6 13. Ne1 c5 14. c3 Qd7 {1-0 (60) Saric,A (2232)-Grobelsek,A (2055) Kastav 2001}) 10. h3 Bxf3 11. Qxf3 Nbd7 12. O-O Rfe8 13. Rae1 e5 14. Qd1 b5 15. Qa1 Nb6 16. f4 {[%cal Rd4e5]} Nfd7 17. Rf2 bxa4 18. bxa4 c5 {[%cal Rc5d4]} 19. fxe5 dxe5 (19... cxd4 $11 20. exd6 Qxd6) 20. d5 $14 c4 21. Ref1 f6 22. Qa2 (22. Nb1 $14) 22... Bh6 $1 $15 {[%cal Rh6d2] ...Bxd2 is the strong threat.} 23. Kh2 Bxd2 24. d6 Qc6 25. Rxd2 Nxa4 26. Ba1 Nab6 (26... h5 $17) 27. Bb2 Kg7 {Strongly threatening ...c3.} 28. Rf3 Re6 29. Ba3 Nc5 30. Rd5 Nxe4 31. Rd1 Rd8 (31... Rf8 $17 {White must now prevent ...Nd5.} 32. Rf2 Nd7) 32. Re1 Nxd6 {[#]} (32... Ree8 $17 33. Rff1 f5) 33. Rxf6 $1 $14 {[%mdl 512]} Qe8 (33... Rxf6 34. Bxc6) 34. Rxe6 Qxe6 35. Bb2 Nf7 36. Qxa5 {[%cal Rb2e5]} Re8 37. Rf1 {[%mdl 1024] White has compensation.} Re7 $2 (37... c3 $14 38. Bxc3 Rc8) 38. Ba3 $18 Rd7 {[#]} 39. h4 $1 {aiming for Bh3.} Rd8 {[#]} 40. Bc5 $2 ({Better is} 40. Qa6 $1 $18) 40... Nd7 $14 41. Bh3 Qd5 42. Bb4 Qxa5 43. Bxa5 Ra8 44. Bb4 Nf6 45. Be6 Nh6 46. Kh3 ({Avoid the trap} 46. Bxc4 $2 Nhg4+ 47. Kg1 Ne3 $19) 46... Re8 47. Bxc4 Nhg4 {Hoping for ...Ne3.} 48. Bb5 Ra8 {The position is equal.} (48... Rb8 $5 49. c4 $8 Ra8 $11) 49. Re1 h5 50. Re2 Ra1 51. Bc5 Rh1+ 52. Kg2 Rh2+ 53. Kf1 Rxe2 54. Bxe2 Ne4 55. Bxg4 hxg4 $11 {[%mdl 4096] Endgame KB-KN} 56. Bf2 Kf6 57. Ke2 Ke6 58. c4 Kd6 59. Be1 Kc5 {Threatens to win with ...Kd4.} 60. Kd3 Nf6 $1 61. Bd2 Nh5 62. Be3+ Kd6 63. Bf2 Nf6 64. Be1 Kc5 65. Bf2+ Kd6 66. Ke2 Ne4 67. Ke3 Nf6 68. Kd3 Nh5 69. Be1 Nf6 70. Bb4+ Ke6 71. Ba5 Nh5 72. Be1 Kd6 73. Kc3 Kc5 74. Bf2+ Kc6 75. Kd3 Kd6 76. Ke3 Nf6 77. Be1 Nh5 78. Bb4+ Ke6 79. Ke4 {Precision: White = 62%, Black = 70%.} (79. Kf2 $11 {remains equal.}) 1/2-1/2

[Event "World Junior U20 Open 2018"]
[Site "Gebze"]
[Date "2018.09.14"]
[Round "8.13"]
[White "Narayanan.S.L"]
[Black "Philippe, Guillaume"]
[Result "1-0"]
[WhiteElo "2573"]
[BlackElo "2358"]
[Annotator "TA"]
[PlyCount "65"]
[EventDate "2018.09.05"]
[EventType "swiss"]
[EventCountry "TUR"]
[SourceTitle "playchess.com"]
[Source "ChessBase"]
[SourceQuality "1"]

{[%evp 19,65,45,45,26,40,34,71,67,54,56,161,148,163,165,169,104,109,95,134,93,152,152,141,108,171,162,171,168,173,175,173,153,163,166,169,179,194,189,372,338,536,537,549,527,29979,29980,29980,29980]} 1. d4 f5 2. Bg5 h6 3. Bh4 g5 4. e3 Nf6 5. Bg3 d6 6. Nc3 e6 {A80: Holländische Verteidigung} 7. h4 Rg8 8. hxg5 hxg5 9. Qd2 Qe7 10. O-O-O Nc6 {LiveBook: 8 Partien} 11. f3 Bd7 12. e4 f4 13. Bf2 a6 {[#]} 14. Kb1 $146 ({Vorgänger:} 14. g3 fxg3 15. Bxg3 {0-1 (82) Bluebaum,M (2588)-Vallejo Pons,F (2684) Berlin 2015}) 14... e5 (14... Qf7 $14) 15. Nd5 $1 $18 {[%cal Rd5e7]} Nxd5 16. exd5 Nd8 17. Bd3 (17. Qb4 $18) 17... Nf7 $16 18. Ne2 {[%cal Bg1e2,Be2d4,Bd4e6][%mdl 32]} Bg7 19. Qa5 b6 (19... Kd8 $142) 20. Qc3 Kd8 21. Qb3 g4 (21... a5 $16 {kämpft weiter.} 22. Rh7 Kc8) 22. dxe5 $18 Bxe5 23. Nd4 g3 {[#]} 24. Bg1 $1 Qf6 25. Ne6+ Bxe6 26. dxe6 Ng5 27. Qd5 Rb8 28. Bc4 $40 {[%mdl 128] Weiss hat starken Angriff.} ({Auf keinen Fall} 28. Bxa6 $6 Qxe6 29. Qd3 Re8 $16) 28... Re8 $2 {[#]} (28... Ke7) 29. Rh5 $1 {[%cal Bh1h5,Bh5g5,Bg5g8][%mdl 32]} Re7 (29... Rh8 {war angesagt.} 30. Qc6 Nxe6 31. Rxh8+ Qxh8 32. Bxe6 Qe8) 30. Bd4 Bxd4 31. Rxg5 ({Schwächer ist} 31. Rxd4 Nxe6 32. Rd1 (32. Re4 b5 $11) 32... Ng7 $14) ({Schlechter ist} 31. Qxd4 Qxd4 32. Rxd4 Nxe6 $11) 31... Bxb2 32. Rg8+ Re8 {[#]} 33. Qc6 $1 {[%mdl 512] Precision: Weiß = 63%, Schwarz = 46%.} 1-0

[Event "World Junior U20 Open 2018"]
[Site "Gebze"]
[Date "2018.09.12"]
[Round "8.14"]
[White "Pichot, Alan"]
[Black "Garayev, Kanan"]
[Result "1-0"]
[WhiteElo "2562"]
[BlackElo "2404"]
[Annotator "TA"]
[PlyCount "83"]
[EventDate "2018.09.05"]
[EventType "swiss"]
[EventCountry "TUR"]
[SourceTitle "playchess.com"]
[Source "ChessBase"]
[SourceQuality "1"]

{[%evp 17,83,33,47,18,96,94,104,92,113,93,178,173,170,170,170,177,166,170,189,150,154,127,169,152,181,125,120,143,147,114,213,196,195,187,226,225,261,243,251,0,0,0,239,241,368,377,371,344,389,397,558,449,703,703,703,671,642,620,710,710,703,690,665,541,640,491,657,657]} 1. e4 e5 2. Nf3 Nc6 3. Bb5 a6 4. Ba4 Nf6 5. O-O b5 6. Bb3 Bc5 7. a4 Rb8 8. c3 d6 9. d4 Bb6 10. a5 {C78: Ruy Lopez: Archangelsk and Möller Defences} Nxa5 {[#]} (10... Ba7 $1 $11) (10... Ba7 11. h3 O-O 12. Re1 Bb7 13. Be3 exd4 14. cxd4 Ne7 15. Nbd2 Bxe4 16. Nxe4 Nxe4 17. Qc2 d5 {0-1 (33) Yu,Y (2759)-Svidler,P (2753) Shenzhen 2018}) 11. Rxa5 $1 $16 {[%mdl 512]} Bxa5 12. dxe5 {White is better.} Ng4 13. Bg5 Qd7 {[#]} (13... f6 $16 14. exf6 gxf6) 14. e6 $1 $18 {[%cal Re6d7][%mdl 512]} fxe6 {Strongly threatening ...c5.} 15. Nd4 $1 $36 {[%csl LRe6,LRg4][%mdl 2048] Black is under strong pressure.} Ne5 $146 ({Predecessor:} 15... e5 16. Nf5 h5 17. Be6 Qxe6 18. Nxg7+ {1-0 (37) Homa,S (2325)-Myers,D (2078) Chicago 2016}) 16. Bxe6 Qxe6 17. Nxe6 Bxe6 18. Nd2 O-O {[#]} 19. Be3 $1 b4 20. Bd4 bxc3 {[#]} 21. Bxc3 ({Resist} 21. bxc3 Rb2 $16) ({White should try} 21. Qa4 $1 $18) 21... Bxc3 $16 22. bxc3 Rb2 23. f4 Nc4 (23... Nd7 $16 {was worth a try.}) 24. Nxc4 $18 Bxc4 25. Rf3 Re2 26. Qd4 Re1+ 27. Kf2 Re2+ 28. Kg1 Re1+ $1 29. Kf2 Re2+ 30. Kg3 Bb5 (30... Bf7 $142 31. Re3 Rxe3+ 32. Qxe3 Ra8) 31. Qd5+ Kh8 32. c4 Be8 33. c5 Rf6 (33... dxc5 {keeps fighting.} 34. Qxc5 Rf6) 34. f5 {White is clearly winning.} h6 (34... Rc2 $142 35. cxd6 cxd6) 35. cxd6 cxd6 36. Qa8 Rf8 37. Rc3 Rg8 38. Rc8 Bf7 39. Rxg8+ Bxg8 40. Kf3 Re1 41. Kf2 Ra1 42. Qf8 {Precision: White = 81%, Black = 32%.} 1-0

[Event "World Junior U20 Open 2018"]
[Site "Gebze"]
[Date "2018.09.12"]
[Round "8.15"]
[White "Lomasov, Semyon"]
[Black "Muradli, Mahammad"]
[Result "1/2-1/2"]
[WhiteElo "2545"]
[BlackElo "2407"]
[Annotator "TA"]
[PlyCount "99"]
[EventDate "2018.09.05"]
[EventType "swiss"]
[EventCountry "TUR"]
[SourceTitle "playchess.com"]
[Source "ChessBase"]
[SourceQuality "1"]

{[%evp 17,99,-16,10,-17,-16,-22,-18,-39,-29,-46,-39,-46,-41,-43,-44,-51,-22,-14,-20,-64,-56,-91,-91,-96,-109,-114,-108,-116,-91,-118,-104,-84,-43,-116,-116,-138,-100,-106,-80,-82,-67,-142,-135,-145,-116,-270,-234,-275,-202,-783,-780,-774,-777,-979,-510,-568,-564,-550,-535,-479,-453,-275,0,0,0,0,0,0,0,0,0,0,0,0,0,-25,0,0,0,0,0,0,0,-33]} 1. e4 c5 2. Nf3 d6 3. Nc3 a6 4. g3 g6 5. Bg2 Bg7 6. O-O Nc6 7. d3 Nf6 8. h3 O-O 9. Be3 Rb8 10. Qd2 {B25: Closed Sicilian: 3 g3, lines without early Be3} b5 {[%cal Bb7b5,Bb5b4][%mdl 32]} 11. Bh6 (11. a3 a5 12. Bh6 b4 13. axb4 axb4 14. Nd1 Qb6 15. Bxg7 Kxg7 16. b3 Bd7 17. Ne3 Ra8 18. Rxa8 Rxa8 {½-½ (73) Inarkiev,E (2667)-Wojtaszek,R (2726) Warsaw 2010}) 11... e5 $146 ({Predecessor:} 11... Re8 12. Bxg7 Kxg7 13. Nh4 b4 14. Nd1 d5 15. exd5 Nxd5 {0-1 (31) Meyer,B (2197)-Gaehwiler,G (2247) Graechen 2009}) 12. a4 b4 13. Ne2 d5 14. exd5 Nxd5 15. Bxg7 Kxg7 16. Nc1 Nd4 17. Nxe5 Re8 18. Ng4 f5 $1 {[%cal Rf5g4,Bf7f5,Bf5f4,Bf4g3][%mdl 32]} 19. Nh2 {[#]} f4 $1 {[%cal Rf4g3][%mdl 512]} 20. c3 (20. gxf4 Qd6) 20... fxg3 21. cxd4 gxh2+ 22. Kh1 cxd4 23. Ne2 Bb7 24. Rac1 Nf6 25. Bxb7 (25. Rc4 $15) 25... Rxb7 $17 26. Ng3 Qd6 $36 {[%mdl 2048] Black has strong initiative.} 27. Rfe1 Rbe7 28. Rxe7+ Rxe7 29. Kxh2 ({Better is} 29. Rc4 $15) 29... Nh5 30. Rg1 b3 31. Qd1 $2 (31. Kh1 $17 Nxg3+ 32. fxg3) 31... Rf7 $19 32. Qe2 Rc7 33. Rd1 $2 (33. Kh1 Nxg3+ 34. Rxg3) 33... Rc2 34. Rd2 Qc7 35. h4 a5 36. Qe1 Nxg3 37. fxg3 {[#]} Rxd2+ $1 38. Qxd2 {[%mdl 4096] Endgame KQ-KQ} Qc2 39. Qg2 h5 $2 ({But not} 39... Qxd3 40. g4 $17) (39... Kh6 $19 40. g4 Qxd3) 40. Kh3 $11 Qxd3 41. Qb7+ Kh6 {Threatens to win with ...Qf5+.} 42. Qb8 {[%cal Rb8h8]} Qf5+ 43. Kh2 $1 {[%cal Rb8h8]} Qf2+ 44. Kh3 {[%cal Rb8h8]} Qf1+ 45. Kh2 {[%cal Rb8h8]} Qf2+ 46. Kh3 {[%cal Rb8h8]} Kg7 47. Qc7+ {The position is equal.} Kg8 {And now ...Qf5+ would win.} 48. Qd8+ Kh7 {Strongly threatening ...Qf1+.} 49. Qc7+ Kh6 50. Qb8 {Precision: White = 49%, Black = 69%.} 1/2-1/2

[Event "World Junior U20 Open 2018"]
[Site "Gebze"]
[Date "2018.09.12"]
[Round "8.16"]
[White "Gokerkan, Cem Kaan"]
[Black "Santos Ruiz, Miguel"]
[Result "1/2-1/2"]
[WhiteElo "2416"]
[BlackElo "2524"]
[Annotator "TA"]
[PlyCount "76"]
[EventDate "2018.09.05"]
[EventType "swiss"]
[EventCountry "TUR"]
[SourceTitle "playchess.com"]
[Source "ChessBase"]
[SourceQuality "1"]

{[%evp 9,76,0,10,0,0,0,27,29,51,24,16,11,11,11,17,22,29,22,41,33,15,15,17,0,13,0,0,0,0,0,68,-27,-16,-35,14,20,18,0,7,0,0,0,6,0,0,0,5,13,12,0,0,0,0,0,0,-3,0,-11,47,36,44,37,37,0,0,0,37,0,0]} 1. e4 c5 2. Ne2 Nf6 3. Nbc3 d5 (3... d6 4. d4 cxd4 5. Nxd4 a6 6. h3 e6 7. g4 Nfd7 8. g5 Nc6 9. h4 Qb6 10. Nb3 Qc7 11. f4 b5 12. Be3 Nb6 13. Bd3 Be7 14. Qe2 Rb8 15. O-O {½-½ (31) Vallejo Pons,F (2709)-Zhao,J (2601) China 2018}) 4. exd5 Nxd5 5. g3 b6 6. Bg2 {B20: Sicilian: Unusual White 2nd moves} Bb7 $1 {[#] ...Nxc3 is the strong threat.} 7. Ne4 $146 ({Predecessor:} 7. Nxd5 Bxd5 8. O-O Bxg2 9. Kxg2 Nc6 10. b3 Qd5+ 11. f3 {0-1 (22) Nadj Hedjesi,B (2410)-Ninov,N (2436) Reutlingen 2015}) 7... Qd7 8. O-O {White has an edge.} e6 9. c4 {[%cal Bc2c4,Bc4d5][%mdl 32]} Nf6 $1 10. Nxf6+ gxf6 11. d4 {White wants to play d5.} Bxg2 12. Kxg2 Nc6 {[%cal Rc5d4]} 13. d5 exd5 14. cxd5 O-O-O 15. Nc3 Nb4 {[%cal Rb4d5]} 16. Qh5 Bd6 17. Rd1 Be5 18. a3 Nc2 19. Ra2 Nd4 (19... Kb7 $11) 20. Bh6 (20. b4 $14) 20... Nf5 21. Raa1 Nxh6 22. Qxh6 Qf5 23. Rac1 Kb8 24. Qh3 Qg6 25. Qh4 h5 26. b4 cxb4 27. axb4 Qg4 28. Qxg4 hxg4 29. Ne2 Kb7 30. Rc4 f5 31. b5 Rd7 32. Nf4 Rhd8 33. Re1 f6 (33... Bd6 $11) 34. Ne6 $14 Rh8 35. Rd1 Rdh7 36. Rh1 Rd7 37. Rd1 Rdh7 38. Rh1 Rd7 {Precision: White = 53%, Black = 64%.} 1/2-1/2

[Event "World Junior U20 Open 2018"]
[Site "Gebze"]
[Date "2018.09.12"]
[Round "8.17"]
[White "Percivaldi, Martin"]
[Black "Yakubboev, Nodirbek"]
[Result "1/2-1/2"]
[WhiteElo "2376"]
[BlackElo "2521"]
[Annotator "TA"]
[PlyCount "80"]
[EventDate "2018.09.05"]
[EventType "swiss"]
[EventCountry "TUR"]
[SourceTitle "playchess.com"]
[Source "ChessBase"]
[SourceQuality "1"]

{[%evp 9,80,41,40,35,42,22,39,43,57,35,55,27,14,4,17,-26,0,0,14,-50,-25,-25,-33,-37,-36,-86,-35,-60,-41,-43,0,-105,-55,-81,-81,-99,-102,-189,-64,-62,18,18,218,0,0,0,0,0,0,0,0,0,0,0,0,0,0,0,0,0,0,0,0,0,0,0,0,0,0,0,0,0,0]} 1. Nf3 d5 2. g3 Nc6 3. d4 Bg4 4. Bg2 Qd7 5. O-O f6 {LiveBook: 5 Games} (5... O-O-O 6. c4 dxc4 7. Be3 e5 8. d5 Nge7 9. Nc3 Nxd5 10. Nxd5 Qxd5 11. Qc2 Bxf3 12. Bxf3 Qe6 13. Rfc1 a6 14. Bxc6 Qxc6 {0-1 (24) Bok,B (2600)-Van Foreest,J (2606) Amsterdam 2017}) 6. c3 {D02: 1 d4 d5 2 Nf3 sidelines, including 2...Nf6 3 g3 and 2...Nf6 3 Bf4} Bh3 7. Nbd2 Bxg2 8. Kxg2 {White is slightly better.} e6 $146 ({Predecessor:} 8... e5 9. dxe5 fxe5 10. e4 O-O-O 11. exd5 Qxd5 12. Qb3 {0-1 (41) Ranasinghe,S (1740)-Nomin Erdene,D (2489) Abu Dhabi 2016}) 9. e4 g5 10. Re1 O-O-O 11. b4 h5 $1 12. Qa4 h4 13. b5 Nb8 14. e5 (14. Qxa7 $11 hxg3 15. fxg3 (15. hxg3 e5 $15)) 14... hxg3 15. fxg3 Qh7 {aiming for ...g4.} 16. Nf1 $1 {Threatening exf6.} g4 17. Ng1 Bh6 (17... fxe5 $17 18. dxe5 Bc5 19. Qxg4 Re8) 18. Qxa7 $15 fxe5 19. dxe5 ({But not} 19. Rxe5 Bxc1 20. Rxc1 Rf8 $17) 19... Rf8 20. b6 (20. Re2 $11) 20... Ne7 {...Bxc1 is the strong threat.} 21. Bxh6 Qxh6 22. bxc7 Nbc6 23. Qe3 {[#]} (23. Qa8+ $17 {was called for.} Kxc7 24. Qa3) 23... Qh7 ({Worse is} 23... Kxc7 24. Rab1 $11) (23... Rxf1 $1 $19 {[%mdl 512]} 24. Kxf1 (24. Rxf1 Qxh2#) 24... Qxh2) 24. Rab1 Rxf1 ({Black should play} 24... Ng6 $15 25. Qb6 Qxc7 26. Qxc7+ Kxc7) 25. Kxf1 $11 {And now Qb6 would win.} Qc2 $2 (25... Qxh2 $11 {and Black has nothing to worry.} 26. Re2 Rf8+ 27. Ke1 Nf5 28. Rxh2 Nxe3) 26. Qe2 $2 (26. Ne2 $18) 26... Rxh2 {( -> ...Nf5). The position is equal.} 27. Qxc2 Rxc2 28. Ne2 Nf5 29. Rec1 Rxa2 30. Ra1 $1 {[%cal Ra1a2]} Rd2 31. Ke1 Rd3 32. Nf4 Re3+ 33. Kd2 Nxe5 34. Ra8+ Kxc7 {White must now prevent ...Nc4+.} 35. Nxe6+ Kd6 36. Nd4 Rd3+ 37. Kc2 Nxd4+ 38. cxd4 Rxd4 39. Rb1 Rc4+ 40. Kd2 Rd4+ {Precision: White = 60%, Black = 40%.} 1/2-1/2

[Event "World Junior U20 Open 2018"]
[Site "Gebze"]
[Date "2018.09.12"]
[Round "8.18"]
[White "Lagunow, Raphael"]
[Black "Jarmula, Lukasz"]
[Result "1-0"]
[WhiteElo "2403"]
[BlackElo "2504"]
[Annotator "TA"]
[PlyCount "77"]
[EventDate "2018.09.05"]
[EventType "swiss"]
[EventCountry "TUR"]
[SourceTitle "playchess.com"]
[Source "ChessBase"]
[SourceQuality "1"]

{[%evp 10,77,21,29,20,22,20,24,20,5,31,0,0,0,0,0,0,0,12,0,0,0,23,12,19,15,0,0,118,106,394,103,777,697,689,696,681,693,685,686,1440,1631,1631,1295,1581,1624,1583,920,915,903,885,889,875,860,868,839,860,859,791,738,857,781,765,769,763,736,2384,2345,29985,29986]} 1. e4 e6 2. d4 d5 3. Nd2 c5 4. exd5 Qxd5 5. Ngf3 cxd4 6. Bc4 Qd7 {C07: French Tarrasch: 3...c5, 4 Ngf3 and 4 exd5 Qxd5} (6... Qd6 7. O-O Nf6 8. Nb3 Nc6 9. Nbxd4 Nxd4 10. Nxd4 a6 11. Re1 Qc7 12. Qe2 Bc5 13. c3 O-O 14. Bg5 b5 15. Bd3 Nd5 16. Qh5 g6 17. Qh4 Bb7 18. a4 bxa4 19. Rxa4 Rfe8 20. Nf3 {1-0 (29) Wei,Y (2729)-So,W (2780) chess.com INT 2018}) 7. O-O Nc6 8. Nb3 a6 {White has an edge.} 9. a4 Nf6 10. Qe2 Bd6 11. Rd1 e5 12. Nbxd4 Nxd4 13. Rxd4 Qe7 14. Rxd6 Qxd6 15. b3 $146 e4 {White must now prevent ...Be6.} 16. Ba3 $1 {[%cal Ra3d6]} Qf4 17. Qe1 {Threatens to win with Qa5.} Be6 $1 {[%cal Re6c4] Hoping for ...Bxc4.} 18. Qa5 $1 {[%cal Ra5c5]} Rc8 ({Wrong is} 18... exf3 $2 19. Qc5 $18) (18... Rd8 $1 $11 {keeps the balance.}) 19. Ne5 $1 $16 ({Much worse is} 19. Bxe6 $6 fxe6 20. Qb4 Rc7 $15) 19... Ng4 $2 {[%mdl 8192] [#]} (19... b6 $16 20. Qb4 (20. Qxa6 Qxe5 21. Bb5+ Kd8 $14) 20... Rc5) 20. Nxg4 $2 $40 {[%mdl 128] White is out for blood.} (20. Bb5+ $1 $18 {[%mdl 512]} axb5 21. Qxb5+ Rc6 22. Nxc6 Qxh2+ 23. Kf1) 20... Qxg4 $4 {[%mdl 8192] [#]} (20... Bxg4 $16 21. Qd5 Rc6) 21. Qb4 $1 $18 {[%csl Ga3][%cal Rb4e7]} Rc7 {And now ...Bxc4 would win.} 22. Qd6 Rd7 23. Qb8+ Rd8 24. Qxb7 {[%csl Ga3][%cal Rb7e7]} Rd7 25. Qc8+ Rd8 26. Qc6+ Rd7 27. Re1 h5 28. Bxa6 {Qc8+ would kill now.} f6 29. Rxe4 Kf7 30. Rxg4 Rd1+ 31. Bf1 hxg4 32. f3 Rc8 33. Qe4 Re8 34. Qe2 Ra1 35. Bb4 Rd8 36. fxg4 Rdd1 37. Kf2 Bd5 38. Qe7+ Kg6 39. Bd3+ {Precision: White = 66%, Black = 43%.} 1-0